00230nam a2200085Ia 4500008004100000100002600041245002600067260004200093260000900135170620s9999 xx 000 0 und d aRao- V. Venkateshwara 0aProblems of Education bNew Delhi- Discovery Publishing House c2005